La cosa juzgada: estudio de jurisprudencia civil /

Bibliographic Details
Main Author: Tapia Fernǹdez, Isabel
Format: Book
Language:Spanish
Published: Madrid : Dykinson, 2010.
Subjects:
Online Access:Acceso restringido

MARC

LEADER 00000nam a2200000 i 4500
005 20110222145914.0
008 100326s2010 sp c 001 0 spa d
020 |a 9788498498653 
035 |a 5342 
040 |a Dykinson  |d vLex 
090 |c 13  |d 13 
100 1 |a Tapia Fernǹdez, Isabel. 
245 1 3 |a La cosa juzgada:   |b estudio de jurisprudencia civil /   |c Isabel Tapia Fernǹdez  |h [Recurso electrn̤ico] 
256 |a Servicio en ln̕ea 
260 |a Madrid :  |b Dykinson,  |c 2010. 
300 |a 270 p. 
500 |a Este libro no pretende tratar de modo exhaustivo la compleja institucin̤ de la cosa juzgada. Existen en la literatura jurd̕ica, patria y extranjera, excelentes trabajos sobre el tema, que abordan las cuestiones de concepto y de aplicacin̤ de los mismos a los ml︢tiples problemas que sobre la cosa juzgada se plantean.La finalidad del trabajo ha sido tratar de esclarecer la doctrina que de la cosa juzgada vierten los Tribunales de Justicia al resolver concretos problemas. Los casos resueltos por los Tribunales en los que se debata̕ sobre la cosa juzgada revelan una literatura acerca de esa institucin̤ confusa y prolija, en ocasiones sin distinciones claras de conceptos ni matizaciones. Deslindar esa jurisprudencia, sistematizarla, y comentar crt̕icamente dichos contenidos ha sido el objeto final de una obra que pretende servir de gua̕ a los aplicadores del Derecho. 
506 1 |a Contenido solo disponible en los productos indicados  |d vLex Global  |d vLex Global (Academic Edition, excluding Law Schools)  |d vLex Global (U.S. Academic Edition, Law Schools)  |d vLex Global (U.S. Academic Edition, excluding Law Schools)  |d vLex Global (Academic Edition, Law Schools) 
650 4 |a Derecho Procesal 
650 4 |a Derecho civil 
740 0 |a vLex Libros (Servicios en ln̕ea) 
856 4 0 |z Acceso restringido  |u http://vlex.com/source/cosa-juzgada-estudio-jurisprudencia-civil-5342 
942 |c BOOK 
999 0 |a Civil Law  |b Spain 
999 0 |a Procedure (Law)  |b Spain